[Event "Konik Morski Rewala OPEN A"]
[Site "Rewal"]
[Date "2007.08.25"]
[Round "5.3"]
[White "Sergeev, Vladimir"]
[Black "Panocki, Adrian"]
[Result "1/2-1/2"]
[WhiteElo "2488"]
[BlackElo "2273"]
[PlyCount "86"]
[EventDate "2007.??.??"]

1. Nf3 Nf6 2. e3 g6 3. b4 Bg7 4. Bb2 d6 5. d4 O-O 6. Be2 c6 7. O-O Qb6 8. a3 a5
9. c3 Bg4 10. Nbd2 d5 11. h3 Bxf3 12. Bxf3 Nbd7 13. Nb3 a4 14. Nc5 Qa7 15. c4
b6 16. Nxd7 Qxd7 17. Rc1 b5 18. cxb5 cxb5 19. Qd3 Rfb8 20. Rc5 Rb7 21. Rfc1 e6
22. Qc2 Bf8 23. Rc6 Rd8 24. Kf1 Ne8 25. e4 dxe4 26. Qxe4 Nf6 27. Qc2 Nd5 28.
Rc8 Rxc8 29. Qxc8 Qxc8 30. Rxc8 Rc7 31. Rxc7 Nxc7 32. Ke2 Bd6 33. Bc6 Kf8 34.
d5 exd5 35. Bf6 Bf4 36. Kd1 Ne8 37. Bd4 Nc7 38. Bc5+ Kg7 39. Bb6 Kf6 40. Bxc7
Bxc7 41. Bxb5 Ke5 42. Bxa4 Kd4 43. Kc2 Kc4 1/2-1/2

[Event "Konik Morski Rewala OPEN A"]
[Site "Rewal"]
[Date "2007.08.25"]
[Round "5.4"]
[White "Olszewski, Michal"]
[Black "Krzyzanowski, Marcin"]
[Result "1-0"]
[WhiteElo "2409"]
[BlackElo "2206"]
[PlyCount "55"]
[EventDate "2007.??.??"]

1. e4 e5 2. Nf3 Nc6 3. Bb5 a6 4. Ba4 Nf6 5. O-O Be7 6. Re1 b5 7. Bb3 O-O 8. h3
d6 9. c3 Na5 10. Bc2 c5 11. d4 Qc7 12. Nbd2 Re8 13. Nf1 cxd4 14. cxd4 h6 15.
Ng3 Bd7 16. b3 Rac8 17. Bd3 Nc6 18. Bb2 Bf8 19. Qd2 exd4 20. Nxd4 Nh7 21. Rac1
Qa7 22. Ndf5 Ng5 23. h4 Ne6 24. Bb1 Qb8 25. Nh5 Qb7 26. Nxh6+ gxh6 27. Nf6+ Kh8
28. Nxe8+ 1-0

[Event "Konik Morski Rewala OPEN A"]
[Site "Rewal"]
[Date "2007.08.25"]
[Round "5.5"]
[White "Skalski, Michal"]
[Black "Aliavdin, Nikolai"]
[Result "1/2-1/2"]
[WhiteElo "2330"]
[BlackElo "2403"]
[PlyCount "30"]
[EventDate "2007.??.??"]

1. Nf3 d5 2. d4 Nf6 3. c4 c6 4. e3 Bg4 5. Nbd2 e6 6. Bd3 Nbd7 7. O-O Bd6 8. b3
O-O 9. Bb2 Qe7 10. Qc2 g6 11. Ne5 Bf5 12. e4 dxe4 13. Nxe4 Bxe4 14. Bxe4 Ba3
15. Bc3 Bb4 1/2-1/2

[Event "Konik Morski Rewala OPEN A"]
[Site "Rewal"]
[Date "2007.08.25"]
[Round "5.6"]
[White "Majdan, Joanna"]
[Black "Rudolf, Michal"]
[Result "1/2-1/2"]
[WhiteElo "2296"]
[BlackElo "2419"]
[PlyCount "48"]
[EventDate "2007.??.??"]

1. e4 c6 2. d4 d5 3. Nc3 dxe4 4. Nxe4 Bf5 5. Ng3 Bg6 6. Bc4 e6 7. N1e2 Bd6 8.
h4 h6 9. Nf4 Bh7 10. Ngh5 g6 11. Ng3 Nf6 12. Qf3 Nbd7 13. Nfe2 Bg8 14. Bf4 Bxf4
15. Qxf4 Qa5+ 16. c3 O-O-O 17. O-O-O g5 18. hxg5 hxg5 19. Qf3 Bh7 20. Bb3 Bg6
21. Rxh8 Rxh8 22. c4 Rh4 23. Nc3 Qc7 24. Nge2 Qa5 1/2-1/2

[Event "Konik Morski Rewala OPEN A"]
[Site "Rewal"]
[Date "2007.08.25"]
[Round "5.7"]
[White "Gumula, Daniel"]
[Black "Toma, Katarzyna"]
[Result "1/2-1/2"]
[WhiteElo "2387"]
[BlackElo "2275"]
[PlyCount "88"]
[EventDate "2007.??.??"]

1. d4 Nf6 2. c4 g6 3. Nc3 d5 4. cxd5 Nxd5 5. e4 Nxc3 6. bxc3 Bg7 7. Qa4+ c6 8.
Qa3 O-O 9. Nf3 Bg4 10. Bg5 Re8 11. Rb1 b6 12. Bc4 b5 13. Be2 Qd6 14. Qc1 Nd7
15. O-O e5 16. d5 cxd5 17. Rd1 Nb6 18. Be3 Rec8 19. Bxb6 axb6 20. Rxd5 Qc7 21.
h3 Be6 22. Rdxb5 Rxa2 23. R5b2 Rca8 24. Qe3 Bf8 25. Ng5 Bc5 26. Qg3 Rxb2 27.
Rxb2 Ra3 28. Qh4 h5 29. Nxe6 fxe6 30. Rd2 Be7 31. Qg3 Kh7 32. Bb5 Rxc3 33. Rd7
Qxd7 34. Bxd7 Rxg3 35. fxg3 Kg7 36. Bxe6 Kf6 37. Bd7 Bb4 38. Kf2 Ke7 39. Bb5
Bc5+ 40. Kf3 Kf6 41. Be8 Bg1 42. Ke2 Kg5 43. Kf3 Kh6 44. h4 g5 1/2-1/2

[Event "Konik Morski Rewala OPEN A"]
[Site "Rewal"]
[Date "2007.08.25"]
[Round "5.8"]
[White "Chojnacki, Krzysztof"]
[Black "Smirnov, Aleksander"]
[Result "1-0"]
[WhiteElo "2372"]
[BlackElo "2247"]
[PlyCount "69"]
[EventDate "2007.??.??"]

1. e4 c5 2. Nf3 Nc6 3. d4 cxd4 4. Nxd4 e5 5. Nb5 d6 6. c4 Be7 7. N1c3 a6 8. Na3
f5 9. exf5 Bxf5 10. Bd3 Be6 11. Nc2 Nf6 12. Ne3 Nd4 13. Ne4 Nd7 14. O-O O-O 15.
b3 Qe8 16. Bb2 Nf5 17. Nxf5 Bxf5 18. Nxd6 Bxd6 19. Bxf5 Rxf5 20. Qxd6 Nf6 21.
Rad1 Qh5 22. Qe7 h6 23. Qxb7 Re8 24. f3 Qh4 25. g3 Rg5 26. Rf2 Nh5 27. Qd7 Re7
28. Qc8+ Kh7 29. Rg2 Nxg3 30. hxg3 Rxg3 31. Qf5+ g6 32. Qe4 Qg5 33. Rdd2 Qxd2
34. Rxg3 Re6 35. Bxe5 1-0

[Event "Konik Morski Rewala OPEN A"]
[Site "Rewal"]
[Date "2007.08.25"]
[Round "5.9"]
[White "Taddei, Benoit"]
[Black "Philippe, Christophe"]
[Result "1-0"]
[WhiteElo "2247"]
[BlackElo "2368"]
[PlyCount "47"]
[EventDate "2007.??.??"]

1. e4 c5 2. Nf3 Nc6 3. d4 cxd4 4. Nxd4 e6 5. Nc3 a6 6. Be3 Nf6 7. g4 Bb4 8. Bg2
h5 9. Nxc6 bxc6 10. Qd4 Qa5 11. g5 e5 12. Qc4 Ng8 13. O-O Ne7 14. f4 d6 15. f5
Bd7 16. Rad1 h4 17. g6 fxg6 18. fxg6 O-O-O 19. Rf7 Nxg6 20. Rxd7 Rxd7 21. Bh3
Kd8 22. Qxc6 Nf8 23. Bb6+ Ke7 24. Bxa5 1-0

[Event "Konik Morski Rewala OPEN A"]
[Site "Rewal"]
[Date "2007.08.25"]
[Round "5.10"]
[White "Walach, Marcin"]
[Black "Galazewski, Tomasz"]
[Result "1-0"]
[WhiteElo "2367"]
[BlackElo "2259"]
[PlyCount "59"]
[EventDate "2007.??.??"]

1. d4 Nf6 2. c4 e6 3. Nc3 Bb4 4. e3 O-O 5. Nge2 d5 6. a3 Be7 7. Nf4 c6 8. Bd3
dxc4 9. Bxc4 e5 10. dxe5 Qxd1+ 11. Nxd1 Ng4 12. e6 f5 13. h4 b5 14. Ba2 Na6 15.
Bd2 Nf6 16. Bc3 Ne4 17. Be5 b4 18. Rc1 Rd8 19. h5 bxa3 20. bxa3 Ng5 21. f3 Bb7
22. Nf2 Rac8 23. N2h3 Kf8 24. Rc3 Nc7 25. e4 fxe4 26. Nxg5 Bxg5 27. fxe4 Ke7
28. Bxc7 Rd4 29. O-O Bf6 30. e5 1-0

[Event "Konik Morski Rewala OPEN A"]
[Site "Rewal"]
[Date "2007.08.25"]
[Round "5.11"]
[White "Zierke, Oliver"]
[Black "Brodowski, Piotr"]
[Result "1-0"]
[WhiteElo "2302"]
[BlackElo "2365"]
[PlyCount "57"]
[EventDate "2007.??.??"]

1. d4 d5 2. c4 dxc4 3. Nf3 Nf6 4. e3 e6 5. Bxc4 a6 6. O-O Nbd7 7. Qe2 b5 8. Bb3
Bb7 9. a4 b4 10. a5 Be7 11. Nbd2 O-O 12. Nc4 c5 13. Rd1 Qc7 14. Bd2 Rac8 15.
Rac1 Qb8 16. Ba4 cxd4 17. exd4 Rfd8 18. Bg5 h6 19. Bh4 Nf8 20. Nfe5 Nd5 21. Bg3
Qa7 22. Qh5 g6 23. Qxh6 Nf6 24. Nxf7 Rxc4 25. Rxc4 Kxf7 26. Rc7 Rd7 27. Bxd7
N8xd7 28. Bh4 Bf8 29. Qf4 1-0

[Event "Konik Morski Rewala OPEN A"]
[Site "Rewal"]
[Date "2007.08.25"]
[Round "5.13"]
[White "Koziak, Vitali"]
[Black "Helstroffer, Arnaud"]
[Result "1-0"]
[WhiteElo "2441"]
[BlackElo "2234"]
[PlyCount "49"]
[EventDate "2007.??.??"]

1. e4 e6 2. d4 d5 3. exd5 exd5 4. Nf3 Bg4 5. h3 Bh5 6. c4 Bb4+ 7. Nc3 Ne7 8.
Bd3 Nbc6 9. O-O Bxf3 10. Qxf3 Nxd4 11. Qg4 Bxc3 12. bxc3 Ne6 13. Ba3 d4 14.
Rfe1 h5 15. Qg3 c5 16. Rxe6 fxe6 17. Bg6+ Nxg6 18. Qxg6+ Kd7 19. Bxc5 Qf6 20.
Qe4 Rac8 21. Qxb7+ Rc7 22. Qb5+ Kc8 23. Bxd4 Qf5 24. Be5 Rf8 25. Qa6+ 1-0

[Event "Konik Morski Rewala OPEN A"]
[Site "Rewal"]
[Date "2007.08.25"]
[Round "5.14"]
[White "Wojciechowski, Piotr"]
[Black "Orzech, Dominik"]
[Result "0-1"]
[WhiteElo "2228"]
[BlackElo "2394"]
[PlyCount "66"]
[EventDate "2007.??.??"]

1. e4 c6 2. d4 d5 3. Nc3 dxe4 4. Nxe4 Bf5 5. Ng3 Bg6 6. h4 h6 7. Nf3 Nf6 8. Ne5
Bh7 9. Bd3 Bxd3 10. Qxd3 e6 11. Bd2 Nbd7 12. f4 c5 13. O-O-O cxd4 14. Rhe1 Bc5
15. f5 Nxe5 16. Rxe5 Bd6 17. Re2 e5 18. Qxd4 O-O 19. Qa4 b5 20. Qxb5 Rb8 21.
Qa5 Qe7 22. Bc3 e4 23. Nf1 Rfc8 24. Bd4 Bf4+ 25. Kb1 Rd8 26. c3 e3 27. Qa4 Nd5
28. g3 Qe4+ 29. Ka1 Be5 30. Qc2 Nxc3 31. bxc3 Rxd4 32. Nxe3 Rdb4 33. Nd5 Qxd5
0-1

[Event "Konik Morski Rewala OPEN A"]
[Site "Rewal"]
[Date "2007.08.25"]
[Round "5.15"]
[White "Stoma, Pawel"]
[Black "Malinin, Vasily B"]
[Result "1-0"]
[WhiteElo "2233"]
[BlackElo "2375"]
[PlyCount "85"]
[EventDate "2007.??.??"]

1. e4 d5 2. exd5 Nf6 3. Bb5+ Bd7 4. Be2 Nxd5 5. d4 e6 6. Nf3 c5 7. c4 Nb6 8.
O-O cxd4 9. Nxd4 Nc6 10. Nb5 Qb8 11. Be3 Nc8 12. Qd2 Ne5 13. Rd1 Be7 14. f4
Bxb5 15. cxb5 Ng6 16. Qd7+ Kf8 17. Bf3 Nd6 18. g3 Qd8 19. Qxd8+ Rxd8 20. Na3 b6
21. Rac1 Nf5 22. Rxd8+ Bxd8 23. Bf2 Nd6 24. Be1 Ne8 25. Rc8 Be7 26. Ra8 Bc5+
27. Bf2 Bxf2+ 28. Kxf2 f6 29. Nc4 Ke7 30. Rxa7+ Kd8 31. Ra8+ Kc7 32. Ra7+ Kd8
33. Nxb6 Nc7 34. a4 e5 35. f5 Nf8 36. Nd5 Ne8 37. a5 g6 38. b6 Nd6 39. Ra8+ Kd7
40. Nxf6+ Ke7 41. Nd5+ Kd7 42. Ra7+ Kc6 43. Nc3+ 1-0

[Event "Konik Morski Rewala OPEN A"]
[Site "Rewal"]
[Date "2007.08.25"]
[Round "5.16"]
[White "Kubit, Tomasz"]
[Black "Maryasin, Boris"]
[Result "0-1"]
[WhiteElo "2198"]
[BlackElo "2321"]
[PlyCount "72"]
[EventDate "2007.??.??"]

1. e4 c5 2. Nf3 Nc6 3. d4 cxd4 4. Nxd4 Qb6 5. Nb3 Nf6 6. Nc3 e6 7. g3 d6 8. Bg2
Be7 9. O-O O-O 10. Be3 Qc7 11. Qe2 a6 12. Rad1 b5 13. a3 Bb7 14. g4 Ne5 15. g5
Nfd7 16. f4 Nc4 17. Bc1 Rfe8 18. Rd3 Bf8 19. Rh3 g6 20. Qg4 Bg7 21. f5 exf5 22.
exf5 Qb6+ 23. Kh1 Qf2 24. Rg1 gxf5 25. Qg3 Bxg2+ 26. Qxg2 Qxg2+ 27. Kxg2 Rac8
28. Nd5 Ncb6 29. Nf6+ Nxf6 30. gxf6 Bxf6 31. c3 Rc4 32. Kf3+ Rg4 33. Rd1 Nc4
34. Rh5 Ne5+ 35. Ke2 Bh4 36. Ke3 f4+ 0-1

[Event "Konik Morski Rewala OPEN A"]
[Site "Rewal"]
[Date "2007.08.25"]
[Round "5.17"]
[White "Zgadzaj, Rafal"]
[Black "Llanezavega, Patricia"]
[Result "1-0"]
[WhiteElo "2212"]
[BlackElo "2298"]
[PlyCount "61"]
[EventDate "2007.??.??"]

1. Nf3 Nf6 2. g3 g6 3. b3 Bg7 4. Bb2 O-O 5. Bg2 d6 6. d4 a5 7. c4 c6 8. O-O d5
9. Nc3 Bf5 10. Rc1 Na6 11. Ne5 Ne4 12. Nxe4 dxe4 13. f3 exf3 14. Bxf3 Qc7 15.
g4 Be6 16. Nd3 Bh6 17. d5 cxd5 18. cxd5 Bxc1 19. Bxc1 Bd7 20. Bh6 Rfc8 21. Qd2
f6 22. Qe3 Be8 23. g5 Nc5 24. Bg4 Nxd3 25. Be6+ Bf7 26. Bxf7+ Kxf7 27. Qe6+ Ke8
28. gxf6 Qc5+ 29. Kg2 Kd8 30. f7 Kc7 31. exd3 1-0

[Event "Konik Morski Rewala OPEN A"]
[Site "Rewal"]
[Date "2007.08.25"]
[Round "5.18"]
[White "Swiercz, Dariusz"]
[Black "Sieciechowicz, Marcin"]
[Result "0-1"]
[WhiteElo "2281"]
[BlackElo "2214"]
[PlyCount "102"]
[EventDate "2007.??.??"]

1. e4 e6 2. d4 d5 3. Nd2 Nf6 4. e5 Nfd7 5. c3 c5 6. Bd3 Nc6 7. Ne2 cxd4 8. cxd4
f6 9. exf6 Qxf6 10. Nf3 Bd6 11. Bg5 Qf7 12. Bh4 e5 13. dxe5 Ndxe5 14. Nxe5 Bxe5
15. Qd2 Qh5 16. Bg3 Bxg3 17. Nxg3 Qe5+ 18. Ne2 Bf5 19. Bb5 O-O 20. O-O Rad8 21.
Rfe1 Qf6 22. Bxc6 bxc6 23. Qd4 Qxd4 24. Nxd4 Bd7 25. Rac1 Rb8 26. b3 Rfc8 27.
Rc5 Rb4 28. Nc2 Rb7 29. f3 Kf7 30. Kf2 Rb5 31. Rxb5 cxb5 32. Nd4 Kf6 33. Re2
Rc1 34. Rc2 Rd1 35. Ke3 Ke5 36. g3 Kd6 37. b4 Rb1 38. a3 Ra1 39. Rc3 Re1+ 40.
Kd2 Rg1 41. Re3 Ra1 42. h4 Ra2+ 43. Ke1 h5 44. Ne2 g6 45. Rc3 a6 46. Kf2 Bf5
47. Ke3 Bd7 48. Rd3 Bf5 49. Rb3 Rc2 50. Rc3 d4+ 51. Kxd4 Rxe2 0-1

[Event "Konik Morski Rewala OPEN A"]
[Site "Rewal"]
[Date "2007.08.25"]
[Round "5.19"]
[White "Bronowicki, Mateusz"]
[Black "Bebel, Arkadiusz"]
[Result "1/2-1/2"]
[WhiteElo "2274"]
[BlackElo "2142"]
[PlyCount "98"]
[EventDate "2007.??.??"]

1. d4 Nf6 2. Nf3 c5 3. d5 e6 4. Nc3 exd5 5. Nxd5 Nxd5 6. Qxd5 d6 7. e4 Nc6 8.
Ng5 Qc7 9. Bc4 Ne5 10. Bb5+ Bd7 11. Bxd7+ Qxd7 12. O-O h6 13. f4 Nc6 14. Nf3
O-O-O 15. Bd2 Qe6 16. c4 Qxd5 17. cxd5 Ne7 18. g4 Ng6 19. h4 Be7 20. h5 Nh4 21.
Bc3 Rhg8 22. Nxh4 Bxh4 23. Kg2 Be7 24. Kf3 Kd7 25. a4 b6 26. e5 Rde8 27. Rfe1
Bd8 28. Re2 a5 29. Rae1 dxe5 30. fxe5 g6 31. hxg6 Rxg6 32. Re4 Bg5 33. Rf1 Ke7
34. Ke2 Rd8 35. d6+ Ke6 36. Kd3 Rdg8 37. Kc4 Bd8 38. Rff4 Bg5 39. Rf3 Bd8 40.
Rff4 Bg5 41. Rf1 Bd8 42. Kb5 Rxg4 43. Rxg4 Rxg4 44. Rh1 Kd7 45. Rxh6 Rf4 46.
Rh8 Rf3 47. Rf8 Rf5 48. Rg8 Rf4 49. Rh8 Rf3 1/2-1/2

[Event "Konik Morski Rewala OPEN A"]
[Site "Rewal"]
[Date "2007.08.25"]
[Round "5.20"]
[White "Kalvaitis, Sigitas"]
[Black "Klekowski, Maciej"]
[Result "0-1"]
[WhiteElo "2267"]
[BlackElo "2118"]
[PlyCount "86"]
[EventDate "2007.??.??"]

1. e4 c5 2. Nf3 Nc6 3. Bb5 g6 4. O-O Bg7 5. c3 Qb6 6. a4 a6 7. Bc4 e6 8. Qe2
Nge7 9. d3 O-O 10. e5 f6 11. exf6 Bxf6 12. Bh6 Re8 13. Bg5 Bg7 14. Ba2 d5 15.
Na3 Bd7 16. Rab1 Qc7 17. Rfe1 Qd6 18. Nc2 Nf5 19. Rbd1 e5 20. Ne3 Nxe3 21. fxe3
h6 22. Bh4 Kh7 23. Rf1 Ne7 24. Bb3 Be6 25. e4 b5 26. axb5 axb5 27. Bxe7 Rxe7
28. exd5 Bxd5 29. Bxd5 Qxd5 30. Qe4 Rd7 31. Qh4 Ra2 32. Rd2 c4 33. Ng5+ Kg8 34.
Ne4 cxd3 35. Rdf2 Ra6 36. b4 Qc4 37. Qh3 Re7 38. Nc5 Rd6 39. Qc8+ Kh7 40. Qb8
Red7 41. Qe8 d2 42. Rxd2 Rxd2 43. Nxd7 Qd5 0-1

[Event "Konik Morski Rewala OPEN A"]
[Site "Rewal"]
[Date "2007.08.25"]
[Round "5.21"]
[White "Kukawski, Maciej"]
[Black "Dragun, Kamil"]
[Result "1-0"]
[WhiteElo "2251"]
[BlackElo "2050"]
[PlyCount "61"]
[EventDate "2007.??.??"]

1. e4 c5 2. c3 d5 3. exd5 Qxd5 4. d4 Nf6 5. Nf3 e6 6. Na3 Be7 7. Nb5 Na6 8. c4
Qd8 9. Be2 O-O 10. O-O Bd7 11. Be3 cxd4 12. Bxd4 Bxb5 13. cxb5 Nb4 14. Qa4 Nbd5
15. Rfd1 Bd6 16. g3 Qe7 17. Ne5 Bxe5 18. Bxe5 Nd7 19. Qd4 f6 20. Bf4 N7b6 21.
Bd2 e5 22. Qh4 e4 23. a4 Rac8 24. a5 Nc4 25. Be1 Qe5 26. Ra4 Nd6 27. Rdd4 Rc5
28. b4 Nf5 29. Rxe4 Nc3 30. Rxe5 Rxe5 31. Qc4+ 1-0

[Event "Konik Morski Rewala OPEN A"]
[Site "Rewal"]
[Date "2007.08.25"]
[Round "5.22"]
[White "Chojnacki, Slawomir"]
[Black "Diczew, Filip"]
[Result "1/2-1/2"]
[WhiteElo "2235"]
[BlackElo "2112"]
[PlyCount "80"]
[EventDate "2007.??.??"]

1. d4 Nf6 2. Nf3 c6 3. c4 d6 4. Nc3 Nbd7 5. Bf4 Nh5 6. Bg3 Nxg3 7. hxg3 g6 8.
e4 Bg7 9. Bd3 c5 10. d5 Qa5 11. Qc2 a6 12. Nd2 Rb8 13. f4 Nf6 14. Be2 Ng4 15.
Nb3 Qc7 16. a4 Bd7 17. a5 b5 18. axb6 Qxb6 19. Ra3 O-O 20. Bxg4 Bxg4 21. O-O f5
22. Nd1 Qb4 23. Ne3 h5 24. exf5 gxf5 25. Rb1 Rb6 26. Kh2 Rfb8 27. Nd2 Bd4 28.
Ra4 Qxa4 29. Qxa4 Bxe3 30. Qc2 Rb4 31. b3 Bxd2 32. Qxd2 Rxb3 33. Rxb3 Rxb3 34.
Qc2 Re3 35. Qa4 Kg7 36. Kg1 Re1+ 37. Kf2 Re2+ 38. Kf1 Re4 39. Qa2 Be2+ 40. Kg1
Bg4 1/2-1/2

[Event "Konik Morski Rewala OPEN A"]
[Site "Rewal"]
[Date "2007.08.25"]
[Round "5.23"]
[White "Jerezperez, Alfonso"]
[Black "Slezak, Robert"]
[Result "1-0"]
[WhiteElo "2397"]
[BlackElo "2167"]
[PlyCount "49"]
[EventDate "2007.??.??"]

1. e4 c5 2. Nf3 Nc6 3. c3 d5 4. exd5 Qxd5 5. d4 Bg4 6. Be2 e6 7. h3 Bh5 8. c4
Qd8 9. d5 exd5 10. cxd5 Bxf3 11. Bxf3 Nd4 12. Be3 Nxf3+ 13. Qxf3 Nf6 14. Nc3
Bd6 15. O-O O-O 16. Rfd1 a6 17. Bg5 Be5 18. Ne4 b6 19. Re1 Re8 20. Nxf6+ Bxf6
21. Rxe8+ Qxe8 22. Bxf6 gxf6 23. d6 Qd8 24. d7 Rb8 25. Qg3+ 1-0

[Event "Konik Morski Rewala OPEN A"]
[Site "Rewal"]
[Date "2007.08.25"]
[Round "5.24"]
[White "Szwed, Jacek"]
[Black "Mazalon, Mariusz"]
[Result "1/2-1/2"]
[WhiteElo "2364"]
[BlackElo "2158"]
[PlyCount "57"]
[EventDate "2007.??.??"]

1. e4 c5 2. Nf3 a6 3. c4 Nc6 4. d4 cxd4 5. Nxd4 e5 6. Nf5 d5 7. cxd5 Bxf5 8.
exf5 Nd4 9. Nc3 Bb4 10. Bd3 Qxd5 11. O-O Bxc3 12. bxc3 Nc6 13. Qe2 Nf6 14. Bg5
O-O 15. Bxf6 gxf6 16. Be4 Qc5 17. Rab1 Rab8 18. Qh5 Kg7 19. Qg4+ Kh8 20. Qh5
Kg7 21. Rfe1 Rfd8 22. Re3 Rd6 23. Rg3+ Kf8 24. Qxh7 Ke7 25. Rg8 b5 26. Rxb8
Nxb8 27. Qg8 Rd8 28. Qg3 Qc4 29. Qe3 1/2-1/2

[Event "Konik Morski Rewala OPEN A"]
[Site "Rewal"]
[Date "2007.08.25"]
[Round "5.25"]
[White "Strzemiecki, Zbigniew"]
[Black "Kopisch, Martin"]
[Result "1-0"]
[WhiteElo "2306"]
[BlackElo "2154"]
[PlyCount "81"]
[EventDate "2007.??.??"]

1. e4 g6 2. d4 Bg7 3. Nc3 d6 4. f4 Nf6 5. Nf3 O-O 6. Bd3 Na6 7. O-O Bg4 8. h3
Bxf3 9. Rxf3 c5 10. d5 Nc7 11. a4 e6 12. dxe6 fxe6 13. Bc4 d5 14. exd5 Nfxd5
15. Ne4 Qe7 16. c3 Rad8 17. Qe2 b6 18. Bd2 Kh8 19. Re1 Qd7 20. Bb3 Nf6 21. Bc1
Nxe4 22. Qxe4 Rde8 23. Rd3 Qe7 24. Qb7 c4 25. Bxc4 Qc5+ 26. Kh2 Qxc4 27. Rd7
Rc8 28. Re4 Qf1 29. Be3 e5 30. Rxc7 Rxc7 31. Qxc7 Qd3 32. Rxe5 Bxe5 33. Qxe5+
Kg8 34. Bd4 Kf7 35. Qd5+ Ke8 36. Qa8+ Kf7 37. Qxa7+ Ke8 38. Qb8+ Ke7 39. Qe5+
Kd7 40. Qd5+ Ke8 41. Qe6+ 1-0

[Event "Konik Morski Rewala OPEN A"]
[Site "Rewal"]
[Date "2007.08.25"]
[Round "5.26"]
[White "Zilinskas, Vaidas"]
[Black "Paci, Cedric"]
[Result "0-1"]
[WhiteElo "2150"]
[BlackElo "2304"]
[PlyCount "68"]
[EventDate "2007.??.??"]

1. e4 c5 2. Nc3 Nc6 3. Bb5 Nd4 4. Bc4 e6 5. Nf3 Nf6 6. O-O a6 7. a4 d5 8. Bd3
Be7 9. Re1 O-O 10. b3 dxe4 11. Nxe4 Nxb3 12. Rb1 Nxc1 13. Qxc1 Qc7 14. Bc4 Bd7
15. Nc3 Bd6 16. h3 Bc6 17. Qd1 Rab8 18. Qe2 Nd5 19. Bd3 Nf4 20. Qe3 Nxd3 21.
Qxd3 Bf4 22. Qe2 Bxf3 23. gxf3 Rfd8 24. Red1 Rd4 25. Qe1 Rbd8 26. d3 Qc6 27.
Kg2 e5 28. Qh1 c4 29. Ne2 Qg6+ 30. Kf1 R4d7 31. Qg2 cxd3 32. Nxf4 dxc2 33. Nxg6
Rxd1+ 34. Ke2 cxb1=Q 0-1

[Event "Konik Morski Rewala OPEN A"]
[Site "Rewal"]
[Date "2007.08.25"]
[Round "5.27"]
[White "Pigula, Marek"]
[Black "Nguyen, Piotr"]
[Result "1/2-1/2"]
[WhiteElo "2141"]
[BlackElo "2283"]
[PlyCount "63"]
[EventDate "2007.??.??"]

1. Nf3 g6 2. e4 Bg7 3. c4 d6 4. Nc3 e5 5. d4 Bg4 6. dxe5 Bxf3 7. Qxf3 dxe5 8.
Be3 Nc6 9. c5 Nge7 10. Bc4 O-O 11. O-O Na5 12. Rad1 Qc8 13. Qe2 Kh8 14. b4 Nxc4
15. Qxc4 f5 16. f3 f4 17. Bf2 g5 18. Rd3 g4 19. Rfd1 gxf3 20. Rxf3 Rg8 21. Qf7
Qg4 22. Rdd3 Raf8 23. Qc4 Bh6 24. g3 Ng6 25. Be1 fxg3 26. Rxg3 Qf4 27. Rd1 Nh4
28. Qe2 Nf3+ 29. Kh1 Nd4 30. Qg2 Qf1+ 31. Qg1 Qxg1+ 32. Kxg1 1/2-1/2

[Event "Konik Morski Rewala OPEN A"]
[Site "Rewal"]
[Date "2007.08.25"]
[Round "5.28"]
[White "Wandzik, Wojciech"]
[Black "Szymanski, Andrzej"]
[Result "1/2-1/2"]
[WhiteElo "2009"]
[BlackElo "2251"]
[PlyCount "51"]
[EventDate "2007.??.??"]

1. e4 c5 2. Nf3 Nc6 3. d4 cxd4 4. Nxd4 Nf6 5. Nc3 e5 6. Ndb5 d6 7. Bg5 a6 8.
Na3 b5 9. Bxf6 gxf6 10. Nd5 Bg7 11. c4 O-O 12. Bd3 f5 13. O-O fxe4 14. Bxe4 Rb8
15. cxb5 Nd4 16. Nc2 Nxc2 17. Bxc2 Rxb5 18. Bb3 Bb7 19. Rc1 Kh8 20. Qd2 Rg8 21.
Rfd1 Qh4 22. Rc3 Bh6 23. Qe2 Rb4 24. Rg3 Rbg4 25. Ne3 Rxg3 26. hxg3 1/2-1/2

[Event "Konik Morski Rewala OPEN A"]
[Site "Rewal"]
[Date "2007.08.25"]
[Round "5.30"]
[White "Budrewicz, Krzysztof"]
[Black "Jagodzinski, Piotr"]
[Result "1-0"]
[WhiteElo "2224"]
[BlackElo "2120"]
[PlyCount "111"]
[EventDate "2007.??.??"]

1. d4 Nf6 2. Bg5 Ne4 3. Bf4 d5 4. e3 c6 5. Bd3 Qb6 6. Qc1 g6 7. Ne2 Bg7 8. O-O
Nd7 9. f3 Nef6 10. Bg3 c5 11. c3 O-O 12. Nd2 Re8 13. f4 Ng4 14. Nf3 Qe6 15. Bf2
Nxf2 16. Rxf2 f6 17. f5 gxf5 18. Nh4 Qc6 19. Nxf5 Bf8 20. Nf4 e6 21. Nh4 e5 22.
Nh5 e4 23. Be2 Be7 24. Qf1 Kh8 25. Nf5 Bf8 26. Rf4 Qe6 27. Qf2 Qf7 28. Rf1 Re6
29. Rh4 cxd4 30. cxd4 Rc6 31. Nf4 Rc2 32. Bh5 Rxf2 33. Bxf7 Rxf1+ 34. Kxf1 Ne5
35. dxe5 Bxf5 36. e6 Kg7 37. Nxd5 Bd6 38. Nc3 Rc8 39. Nxe4 Rc1+ 40. Kf2 Rc2+
41. Kf3 Be5 42. g4 Bxe4+ 43. Kxe4 Rxb2 44. Be8 Rxh2 45. e7 Rxh4 46. Bh5 Rxh5
47. e8=Q Rh2 48. a4 Rb2 49. Kf5 Rf2+ 50. Ke6 Rb2 51. g5 Rb6+ 52. Kf5 Bb2 53.
Qd7+ Kf8 54. Qd8+ Kg7 55. Qc7+ Kg8 56. Qb8+ 1-0

[Event "Konik Morski Rewala OPEN A"]
[Site "Rewal"]
[Date "2007.08.25"]
[Round "5.31"]
[White "Krasenkova, Ilena"]
[Black "Andrenko, Irina"]
[Result "1/2-1/2"]
[WhiteElo "2224"]
[BlackElo "2108"]
[PlyCount "104"]
[EventDate "2007.??.??"]

1. d4 Nf6 2. c4 g6 3. Nc3 Bg7 4. e4 d6 5. h3 c6 6. Nf3 O-O 7. Bg5 Qc7 8. Rc1 e5
9. d5 h6 10. Be3 c5 11. Bd3 Nh5 12. Qd2 Kh7 13. g4 Nf4 14. Bxf4 exf4 15. Qxf4
Qe7 16. Rc2 Nd7 17. O-O Ne5 18. Nxe5 Bxe5 19. Qf3 Qh4 20. Qg2 h5 21. f4 Bd4+
22. Kh2 hxg4 23. Qg3 Qxg3+ 24. Kxg3 Bxc3 25. Rxc3 gxh3 26. e5 Kg7 27. exd6 Rd8
28. Re1 Kf6 29. Re7 Rxd6 30. Re8 b6 31. Bf1 h2 32. Kxh2 Bb7 33. Rxa8 Bxa8 34.
Ra3 a5 35. Kg3 Bb7 36. Re3 Rd8 37. a3 Bc8 38. b4 axb4 39. axb4 cxb4 40. Rb3 b5
41. cxb5 Bb7 42. Bc4 Bxd5 43. Bxd5 Rxd5 44. Rxb4 Rd7 45. Kg4 Rb7 46. b6 Kg7 47.
Kf3 Kf6 48. Rb5 Ke6 49. Ke4 f6 50. Rb1 g5 51. fxg5 fxg5 52. Rh1 Kd6 1/2-1/2

[Event "Konik Morski Rewala OPEN A"]
[Site "Rewal"]
[Date "2007.08.25"]
[Round "5.32"]
[White "Pieczonka, Marcin"]
[Black "Christensen, Bo Garner"]
[Result "1-0"]
[WhiteElo "2055"]
[BlackElo "2223"]
[PlyCount "151"]
[EventDate "2007.??.??"]

1. b4 d5 2. Bb2 Qd6 3. a3 e5 4. e3 Nf6 5. d3 Be6 6. Nd2 Nbd7 7. c4 c6 8. Ngf3
Be7 9. Be2 O-O 10. d4 e4 11. Ne5 Ne8 12. Nb3 f6 13. Nxd7 Bxd7 14. cxd5 cxd5 15.
Nc5 Bc8 16. f4 b6 17. Na4 Bd7 18. Nc3 f5 19. Qb3 Nf6 20. O-O Kh8 21. Rac1 a6
22. Nd1 Rg8 23. Nf2 h6 24. Kh1 g5 25. g3 Rg7 26. Rg1 Rag8 27. Qc3 h5 28. Nh3 g4
29. Nf2 h4 30. Qc7 b5 31. Rgd1 Rh7 32. Kg2 Kg7 33. Rh1 Rgh8 34. Qxd6 Bxd6 35.
Rc2 Kf7 36. Rhc1 Ke6 37. Kf1 hxg3 38. hxg3 Rh2 39. Kg1 Kf7 40. Bf1 Bxf4 41.
gxf4 g3 42. Nh3 R2xh3 43. Bxh3 Rxh3 44. Kg2 Rh8 45. Rh1 Rg8 46. Rh3 Ng4 47. Bc1
Ke7 48. Rc5 Kd6 49. Rxg3 Rg7 50. Bd2 Rg8 51. Rc3 Rg7 52. Be1 Rg8 53. Kf1 Rh8
54. Kg1 Nh2 55. Rg6+ Be6 56. Bg3 Nf3+ 57. Kg2 Nd2 58. Rg7 Bd7 59. Rg6+ Be6 60.
Rg7 Nc4 61. Ra7 Bc8 62. Rg7 Rh6 63. Rg8 Kc7 64. Be1 Be6 65. Rg3 Kd6 66. Rh3
Rg6+ 67. Kh2 Rg8 68. Bh4 Nd2 69. Bg5 Nf3+ 70. Kg2 Nxg5 71. fxg5 Rxg5+ 72. Rg3
Rh5 73. Rg6 Rh7 74. Kg3 Rh1 75. Kg2 Re1 76. Kf2 1-0

[Event "Konik Morski Rewala OPEN A"]
[Site "Rewal"]
[Date "2007.08.25"]
[Round "5.33"]
[White "Gasik, Anna"]
[Black "Zurkowski, Andrzej"]
[Result "1/2-1/2"]
[WhiteElo "2214"]
[BlackElo "2015"]
[PlyCount "30"]
[EventDate "2007.??.??"]

1. e4 c5 2. Nc3 Nc6 3. Nge2 g6 4. g3 Bg7 5. Bg2 d6 6. O-O e6 7. d3 Nge7 8. Be3
Nd4 9. Qc1 O-O 10. h3 Rb8 11. g4 b5 12. Ng3 f5 13. gxf5 exf5 14. Bg5 Qc7 15.
Nd5 Nxd5 1/2-1/2